000 00553nam a2200229Ia 4500
003 OSt
005 20220918175232.0
006 a|||||r|||| 00| 0
007 ta
008 220917b |||||||| |||| 00| 0 eng d
024 _a16,309
037 _cTextual
040 _aARTS
_cARTS
_beng
041 _2eng
_aeng
082 _aO:1xM75, H9
100 _aFrost Robert
_953388
245 0 _aComplete poems
260 _c1949
650 _aENGLISH LITERATURE
942 _hO:1xM75, H9
_cTEXL
_2CC
999 _c156693
_d156693